|
|
|
|
| LEADER |
00000nam0a2200000 4500 |
| 001 |
111062 |
| 005 |
20231031120647.0 |
| 035 |
|
|
|a (RuTPU)RU\TPU\book\119933
|
| 090 |
|
|
|a 111062
|
| 100 |
|
|
|a 20070306d1985 m y0rusy50 ca
|
| 101 |
0 |
|
|a rus
|
| 102 |
|
|
|a RU
|
| 105 |
|
|
|a a z 001zy
|
| 200 |
1 |
|
|a Гидродинамика суперкавитирующих механизмов
|f В. М. Ивченко
|
| 210 |
|
|
|a Иркутск
|c Изд-во Иркутского ун-та
|d 1985
|
| 215 |
|
|
|a 232 с.
|c ил.
|
| 320 |
|
|
|a Библиография в конце глав.
|
| 610 |
1 |
|
|a гидродинамика
|
| 610 |
1 |
|
|a кавитация
|
| 610 |
1 |
|
|a математические исследования
|
| 675 |
|
|
|a 621.22
|v 3
|
| 700 |
|
1 |
|a Ивченко
|b В. М.
|g Владимир Моисеевич
|
| 801 |
|
1 |
|a RU
|b 63413507
|c 20070306
|g PSBO
|
| 801 |
|
2 |
|a RU
|b 63413507
|c 20080603
|g PSBO
|
| 942 |
|
|
|c BK
|